Statistiken für Russland Kader bei der WM 2018

Klicken Sie hier um das Quiz zu spielen!

Allgemein

  • Dieses Quiz wurde 9 mal gespielt
  • Das Durchschnittsergebnis liegt bei 4 aus 23

Antwortstatistiken

Nr.Spieler% Korrekt
1Akinfeev
57%
22Dsjuba / Dzyuba
57%
17Golowin / Golovin
57%
6Tscheryschew / Cheryshev
57%
9Dsagoev / Dzagoev
29%
15Miranchuk
29%
16Miranchuk
29%
10Smolow / Smolov
29%
2Fernandes
14%
4Ignashevich
14%
12Lunev
14%
19Samedow / Samedov
14%
18Schirkow / Zhirkov
14%
20Gabulow / Gabulov
0%
8Gasinski
0%
14Granat
0%
21Jerochin / Erokhin
0%
13Kudriashov
0%
7Kusjaev / Kuziaev
0%
3Kutepow / Kutepov
0%
5Semenow / Semenov
0%
23Smolinikow / Smolinikov
0%
11Sobnin / Zobnin
0%

Verteilung der Resultate

Perzentil nach korrekt beantworteten Fragen

Anzahl Personen mit jedem Resultat

Ihre Resultats-Entwicklung

Sie haben dieses Quiz noch nicht gespielt